Quizzes
Events
Quiz Creation
Community
Videos
Private Events
Remove Ads
Sign In
Join for FREE
Feedback
Dark Mode
Quiz Categories
Sports
Geography
Music
Movies
Television
Just For Fun
Miscellaneous
History
Literature
Language
Science
Gaming
Entertainment
Religion
Holiday
For Kids
Quiz Lab
Recent
Popular Today
Quiz Kudos Today
Editor Picks
Curator Picks
Quizzes by...
Day
Popularity
Type
Ratings
Length
Year
Community
Subscriptions
Recent Discussions
Orange Saloon
Badges
Playlists
Quests
Create
Leaderboards
Showdown
Live 5
Trivia Bingo
Activity
Puzzle Library
Sporcle Events
Private Events
Virtual Trivia
Globe League
Become a Host
Pub Owners
SporcleCon
Opinionation
Our Games
Videos
Blog
Mobile Apps
Partnerships
Remove Ads and Go Orange
Feedback
Music
Pop Music
The Beatles
Song
Album
Lyrics
Bands
Singers
Artist
Clip
Rock
Rap
Classical
Billboard
Country Music
Kpop
Taylor Swift
Music
Pop Music
The Beatles
Song
Album
Lyrics
Bands
Singers
Artist
Clip
Rock
Rap
Classical
Billboard
Country Music
Kpop
Taylor Swift
Random Quiz
Search Sporcle
×
Quiz Lab
Quiz Lab
Music
Artist
Type in answers that appear in a list
Type in answers that appear in a list
Classic
Best Score? Go Orange.
WOW Hits 2009 Stats
Can you name the songs on WOW Hits 2009?
By
jaedon_dawg
10m
30 Questions
15 Plays
15 Plays
15 Plays
Comments
Comments
Give Quiz Kudos
Give Quiz Kudos
-
- Ratings
hide this ad
Replay
Link that replays current quiz
Next Quiz
Link to next quiz in quiz playlist
You Got
0%
They Got
Avg Score
60%
Avg Friend Score
Upgrade to see
Score Distribution
Jump to the score distribution portion of the page
Score
0/30
Timer
10:00
0
Plays Today
Artist
Track
% Correct
tobyMac (feat. Kirk Franklin and Mandisa)
Lose My Soul
86.7%
MercyMe
God With Us
80%
Fee
All Because of Jesus
73.3%
Brandon Heath
Give Me Your Eyes
73.3%
Remedy Drive
All Along
73.3%
Casting Crowns
Every Man
66.7%
Chris Tomlin
Jesus Messiah
66.7%
Michael W. Smith
Mighty to Save
66.7%
Natalie Grant
In Better Hands
66.7%
Above the Golden State
Sound of Your Name
66.7%
Tenth Avenue North
Love Is Here
66.7%
Matthew West
You Are Everything
60%
Steven Curtis Chapman
Cinderella
60%
Point of Grace
How You Live (Turn Up the Music)
60%
Matt Maher
Your Grace Is Enough
60%
Artist
Track
% Correct
David Crowder*Band
Everything Glorious
60%
Hawk Nelson
Friend Like That
60%
Fireflight
Unbreakable
60%
Red
Already Over
60%
Jeremy Camp
Let It Fade
53.3%
Britt Nicole
Set the World on Fire
53.3%
Robbie Seay Band
Song of Hope
53.3%
Switchfoot
This Is Home
53.3%
Relient K
The Best Thing
53.3%
Needtobreathe
Washed By the Water
53.3%
Francesca Battistelli
I'm Letting Go
53.3%
Leeland
Count Me In
53.3%
Third Day
Call My Name
46.7%
Stellar Kart
Jesus Loves You
46.7%
Nevertheless
Sleeping In
40%
Quiz Playlist
Details
Report
Send in Message
Add To Playlist
Classic:
Type in answers that appear in a list
Last Updated: Feb 16, 2017
Quiz Scoreboard
CHALLENGE
Sign Up to Join the Scoreboard
Show All
Scores
Hide
Comments
May contain spoilers
Recently Published
Street Fighter Characters
by Artimus82
Gaming
60s
9x9 Crossword: Cartoon Network
by jackfrog10
Miscellaneous
3m
College Basketball Coaching Resumes
by pancakes188
Sports
9m
More to Explore
Quiz From the Vault
Featured Blog Post
Where Did the Easter Bunny Come From?
hide this ad
You Might Also Like...
Tags
Artist Quiz
Song Quiz
2009
hit
track
Wow
Today's Top Quizzes in Music
Browse Music
hide this ad
Today's Top Quizzes in Artist
Browse Artist
Top Contributed Quizzes in Music
1
Taylor Swift All Songs (2024)
2
Guess the Artist- 70s Songs
3
7-to-1: Billboard Hot 100 #1 Hits of 2010s
4
Taylor Swift Logic Puzzle
5
Sorting Albums and Songs
6
KPOP LOGIC QUIZ
7
Guess the Taylor Swift song (Mystery Song)
8
Guess The Taylor Swift Lyrics Song #1
9
Billboard Blitz: ABBA
10
Billboard Blitz: The Beatles
Explore More
Trending Topics
Marvel
Kpop
Disney
NBA
Harry Potter
Anime
Crossword
Country
The Office
WWE
NFL
Pokémon
Puzzle
Song
Soccer
hide this ad
More By:
jaedon_dawg
Quiz
Plays
Rating
Category
Featured
Created
Top 100 Largest Cities in the US
14,438
2.38
Geography
Apr 16, 2010
Figure Out the Lyrics (Christian Music)
2,602
3.00
Music
Sep 12, 2010
Random Final Jeopardy! College Edition
1,885
4.38
Miscellaneous
Jul 16, 2010
Random Final Jeopardy!
1,567
4.57
Miscellaneous
Jul 3, 2010
Next Words (Christian Music)
1,227
4.17
Music
Aug 20, 2010
Go to Creator's Profile
Score Distribution
Quiz Creator Spotlight
jaedon_dawg
Follow
Send a Message
Quizzes Created
-
Created Quiz Play Count
-
More By This Creator
Popular Quizzes Today
1
Find the US States - No Outlines Minefield
2
Find the Countries of Europe - No Outlines Minefield
3
The Countries of the World
4
Find the US States
5
Risky Map Clicking: Biggest States A-Z
6
US States
7
Popular People in 1961
8
Movies - When Are They Set?
More Music Quizzes
300 Kpop Idols 2019
Quiz Lab
Trending Quizzes
Risky Map Clicking: Least Populous States A-Z
1-10 Letter G Words
Risky Map Clicking: Next State Alphabetically
Adjectives in 80s TV Shows
The Seven Year Switch: Catherine
Recently Updated
Leaping Animals
pecheneg
Reality TV Shows (A-Z)
bhenderson79
Rickey Henderson's Hall of Fame Teammates
pecheneg
Champions League XIs: Arsenal
pecheneg
Quick Pick: Celebrities in WWE's Hall of Fame
aduchscher
A-Z Keypad Blitz II
pecheneg
Multiple Oscar Actors
pecheneg
Mystery Phrase Blitz: Oscar 'Best Actors'
pecheneg
F. Scott Fitzgerald Novels
LTH
Pick 3 Villains
ddd62291
Trending Topics
Harry Potter
Marvel
Disney
NBA
Kpop
Anime
Crossword
Song
Soccer
Puzzle
Country
NFL
WWE
Pokémon
The Office
Your Account Isn't Verified!
In order to create a playlist on Sporcle, you need to verify the email address you used during registration. Go to your
Sporcle Settings
to finish the process.
Report this User
Report this user for behavior that violates our
Community Guidelines
.
Details:
Send Report
Go to the Sporcle.com Mobile Site →
Comments